|
|
|
|
| LEADER |
00677nam a22001931a 4500 |
| 082 |
|
|
|a M6
|b JAW/O
|
| 100 |
|
|
|a Jawaharlal Nehru
|9 105037
|
| 245 |
|
|
|a Oru koottam pazhaya kathukal/
|c by Jawaharlal Nehru
|
| 260 |
|
|
|a Kozhikode:
|b Mathrubhoomi,
|c 1990.
|
| 300 |
|
|
|a 585p.
|
| 650 |
|
|
|a Letters Jawaharlal Nehru
|9 105038
|
| 650 |
|
|
|a Letters Malayalam
|9 105039
|
| 650 |
|
|
|a Literature Malayalam
|9 105040
|
| 650 |
|
|
|a Literature
|9 105041
|
| 700 |
|
|
|a Sukumar Azheekode (tr.)
|9 105042
|
| 700 |
|
|
|a Sankaran Thayat (tr.)
|9 105043
|
| 942 |
|
|
|c BK
|
| 999 |
|
|
|c 32530
|d 32530
|
| 952 |
|
|
|0 0
|1 0
|4 0
|6 R_M6_JAW_O
|7 0
|9 47134
|a SSUS
|b SSUS
|d 2015-01-08
|g 110.00
|o R M6 JAW/O
|p 001273
|r 2015-01-08
|v 0.00
|w 2015-01-08
|y REF
|